Etiqueta de registo: 00000nkm 2200025 450
001 2278407
003 http://id.bnportugal.gov.pt/bib/catbnp/2278407
100 ## $a20260309d1980 m y0pory01030103ba
101 0# $apor
102 ## $aPT
200 1# $aII Congresso Nacional, Lisboa, 13/14/15 junho 1980$bVisual gráfico]$fPCTP/MRPP
210 #9 $aLisboa$cPCTP/MRPP,$d1980
215 ## $a1 cartaz$ccolor.$d69,7x49 cm
316 ## $aLigeiros rasgos na mergem inferior$5PTBN: CT. 25279 A.
317 ## $aColeção Madeira Luís
710 02 $aCongresso Nacional do PCTP-MRPP,$d2,$eLisboa,$f1980$31629711
712 02 $aPCTP/MRPP$4557$31625416
801 #0 $aPT$bBN$gRPC
966 ## $lBN$mICONOG$sCT. 25279 A.$x3
971 ## $cCaticonografia2$d20260309
995 ## $aPRR2026
Etiqueta de registo: 00000nkm 2200025 450
001 2278396
003 http://id.bnportugal.gov.pt/bib/catbnp/2278396
100 ## $a20260309f19741980m y0pory01030103ba
101 0# $apor
102 ## $aPT
200 1# $aComicio Federação dos Estudantes Marxistas-Leninistas, 18 dez, Reitoria Cidade Universitária$bVisual gráfico]$fFEML$gMRPP
210 #9 $aLisboa$cFederação dos Estudantes Marxistas-Leninistas,$d[entre 1974 e 1980]
215 ## $a1 cartaz$ccolor.$d69,5x48,5 cm
306 ## $aDatação em conformidade com as características formais do documento
316 ## $aLigeiros danos na margem inferior do cartaz$5PTBN: CT. 25278 A.
317 ## $aColeção Madeira Luís
710 02 $aFederação dos Estudantes Marxistas-Leninistas$37197
712 02 $aPCTP/MRPP$4557$31625416
801 #0 $aPT$bBN$gRPC
966 ## $lBN$mICONOG$sCT. 25278 A.$x3
971 ## $cCaticonografia2$d20260309
995 ## $aPRR2026
Etiqueta de registo: 00000nkm 2200025 450
001 2282192
003 http://id.bnportugal.gov.pt/bib/catbnp/2282192
100 ## $a20260320f19751976m y0pory01030103ba
101 0# $apor
102 ## $aPT
200 1# $aComicio / Viseu, com a presença do camarada secretário-geral Arnaldo Matos, 20 dez.,
Pav. Gimno / Fontela$bVisual gráfico]$fMRPP
210 #9 $aLisboa$cPCTP/MRPP,$d[entre 1975 e 1976]$eLisboa :$gCasa Portuguesa)
215 ## $a1 cartaz$ccolor.$d68x48 cm
306 ## $aDatação em conformidade com as características formais do documento
317 ## $aColeção Madeira Luís
710 02 $aPCTP/MRPP$31625416
801 #0 $aPT$bBN$gRPC
966 ## $lBN$mICONOG$sCT. 25256 A. $x3
971 ## $cCaticonografia3$d20260320
995 ## $aPRR2026
Etiqueta de registo: 00000nkm 2200025 450
001 2282188
003 http://id.bnportugal.gov.pt/bib/catbnp/2282188
100 ## $a20260320f19741978m y0pory01030103ba
101 0# $apor
102 ## $aPT
200 1# $aTodos ao comício de "Luta Popular", Voz do Operário, dia 29/6$bVisual gráfico]$fMRPP
210 #9 $aLisboa$cPCTP/MRPP,$d[entre 1974 e 1978]$e[S.l] :$gMirandela & C.ª)
215 ## $a1 cartaz$ccolor.$d70x48 cm
306 ## $aDatação em conformidade com as características formais do documento
317 ## $aColeção Madeira Luís
710 02 $aPCTP/MRPP$31625416
801 #0 $aPT$bBN$gRPC
966 ## $lBN$mICONOG$sCT. 25255 A. $x3
971 ## $cCaticonografia3$d20260320
995 ## $aPRR2026
Etiqueta de registo: 00000nkm 2200025 450
001 2282118
003 http://id.bnportugal.gov.pt/bib/catbnp/2282118
100 ## $a20260320f19751980m y0pory01030103ba
101 0# $apor
102 ## $aPT
200 1# $aComicio com o cam. Arnaldo Matos, a classe operária e o 25 de abril, pav. de Moscavide,
25 de abril$bVisual gráfico]$fPCTP/MRPP
210 #9 $aLisboa$cPCTP/MRPP,$d[entre 1975 e 1980]
215 ## $a1 cartaz$ccolor.$d57x39,5 cm
306 ## $aDatação em conformidade com as características formais do documento
317 ## $aColeção Madeira Luís
710 02 $aPCTP/MRPP$31625416
801 #0 $aPT$bBN$gRPC
966 ## $lBN$mICONOG$sCT. 25244 A.$x3
971 ## $cCaticonografia3$d20260320
995 ## $aPRR2026